|
|
|
|
| LEADER |
00843nam a22001817a 4500 |
| 082 |
|
|
|a 415
|b PRA/V M6
|
| 100 |
|
|
|a വി ആര് പ്രബോധചന്ദ്രന്
|9 252437
|
| 100 |
|
|
|a V R Prabodhachandran
|9 252438
|
| 240 |
|
|
|a Vivarthanathinte Bhashasastrabhumika
|
| 245 |
|
|
|a വിവര്ത്തനത്തിന്റെ ഭാഷാശാസ്ത്രഭൂമിക
|
| 250 |
|
|
|a 2nd / 1st(1974)
|
| 260 |
|
|
|a Trivandrum;
|b State institute of languages;
|c 1986
|
| 300 |
|
|
|a xii;88p.
|
| 650 |
|
|
|a മലയാളം; വിവര്ത്തനങ്ങള്
|9 252439
|
| 650 |
|
|
|a Malayalam; Translated Theory
|9 252440
|
| 942 |
|
|
|c BK
|
| 999 |
|
|
|c 43961
|d 43961
|
| 952 |
|
|
|0 0
|1 0
|4 0
|6 415_000000000000000_PRA_V_M6
|7 0
|8 GRA
|9 50798
|a MAL
|b MAL
|d 2015-11-12
|e 34906
|g 9.00
|l 0
|o 415 PRA/V M6
|p MAL034906
|r 2015-11-12
|t 1
|w 2015-11-12
|y BK
|